[Event "Bad Woerishofen op"]
[Site "?"]
[Date "2005.03.09"]
[Round "7"]
[White "Savchenko, Stanislav"]
[Black "Friedrich, Norbert"]
[Result "1-0"]
[WhiteElo "2505"]
[BlackElo "2317"]
[PlyCount "91"]
[EventDate "2005.03.04"]

1. d4 d5 2. c4 c6 3. Nf3 Nf6 4. Nc3 e6 5. Bg5 Nbd7 6. cxd5 exd5 7. e3 Be7 8.
Qc2 O-O 9. Bd3 Re8 10. h3 Nf8 11. Bf4 Ng6 12. Bh2 Bd6 13. Bxd6 Qxd6 14. O-O-O
Bd7 15. g4 Qe7 16. Kb1 Rad8 17. Rhg1 Bc8 18. g5 Ne4 19. h4 Bf5 20. h5 Nxc3+ 21.
Qxc3 Bxd3+ 22. Qxd3 Nf8 23. Ne5 Nd7 24. f4 Nxe5 25. fxe5 Rf8 26. Rdf1 Kh8 27.
Rf5 c5 28. Rgf1 Rc8 29. h6 g6 30. Rf6 Rc6 31. Qa3 Qd7 32. Rxc6 Qxc6 33. Qxc5
Qxc5 34. dxc5 Kg8 35. Rd1 Rc8 36. Rxd5 Kf8 37. b4 Ke7 38. b5 a6 39. b6 Ke6 40.
e4 Ke7 41. Kc2 Rc6 42. Kd3 Rc8 43. Kd4 Rc6 44. Rd6 Rc8 45. c6 bxc6 46. Kc5 1-0

[Event "Bad Woerishofen op"]
[Site "?"]
[Date "2005.03.10"]
[Round "8"]
[White "Tiviakov, Sergei"]
[Black "Zhang, Pengxiang"]
[Result "1/2-1/2"]
[WhiteElo "2627"]
[BlackElo "2560"]
[PlyCount "34"]

1. e4 c5 2. Nf3 Nc6 3. c3 Nf6 4. e5 Nd5 5. Bc4 Nb6 6. Bb3 d5 7. exd6 Qxd6 8.
O-O Be6 9. Na3 Bxb3 10. axb3 Qd3 11. Qc2 Rd8 12. Qxd3 Rxd3 13. Nc2 e6 14. Nfe1
Rd7 15. Nf3 Rd3 16. Nfe1 Rd7 17. Nf3 Rd3 1/2-1/2

[Event "Bad Woerishofen op"]
[Site "?"]
[Date "2005.03.10"]
[Round "8"]
[White "Mainka, Romuald"]
[Black "Hempel, Dr. Olaf"]
[Result "1-0"]
[WhiteElo "2454"]
[BlackElo "2173"]
[PlyCount "83"]

1. e4 c6 2. d4 d5 3. Nd2 dxe4 4. Nxe4 Bf5 5. Ng3 Bg6 6. h4 h6 7. Nf3 Nd7 8. h5
Bh7 9. Bd3 Bxd3 10. Qxd3 Qc7 11. Bd2 e6 12. O-O-O Ngf6 13. Ne4 O-O-O 14. g3 Nc5
15. Nxc5 Bxc5 16. c4 Bd6 17. Bc3 Rhe8 18. Kb1 c5 19. d5 exd5 20. Bxf6 gxf6 21.
Qf5+ Qd7 22. Qxd7+ Rxd7 23. Rxd5 Bf8 24. Rxd7 Kxd7 25. Rd1+ Kc7 26. Kc2 Re2+
27. Rd2 Rxd2+ 28. Kxd2 f5 29. Nh4 f4 30. gxf4 Kd6 31. Kd3 Ke6 32. Ke4 Be7 33.
Nf5 Bf8 34. b3 Kf6 35. Ne3 Ke6 36. f5+ Kd6 37. Ng4 Bg7 38. f6 Bf8 39. Kf5 Kd7
40. Ke5 Kc6 41. Ke4 Kd6 42. f4 1-0

[Event "Bad Woerishofen op"]
[Site "?"]
[Date "2005.03.10"]
[Round "8"]
[White "Eingorn, Vereslav"]
[Black "Haub, Thorsten-Michael"]
[Result "1-0"]
[WhiteElo "2587"]
[BlackElo "2422"]
[PlyCount "63"]

1. d4 g6 2. e4 Bg7 3. c4 d6 4. Nc3 Nd7 5. Nf3 e6 6. Be2 Ne7 7. O-O O-O 8. Be3
h6 9. Qd2 Kh7 10. Rad1 f5 11. exf5 Nxf5 12. Bd3 a6 13. Qc2 e5 14. d5 Nf6 15.
Ne4 c5 16. dxc6 bxc6 17. Ng3 Ne8 18. Rfe1 Qf6 19. Bc1 Nxg3 20. hxg3 c5 21. Nh4
Bf5 22. Nxf5 gxf5 23. g4 e4 24. Rxe4 fxe4 25. Bxe4+ Kh8 26. Bxa8 Nc7 27. Bf3
Ne6 28. Rxd6 Qe5 29. Qd1 Nd4 30. Rd5 Qe7 31. Be3 Re8 32. Rh5 1-0

[Event "Bad Woerishofen op"]
[Site "?"]
[Date "2005.03.10"]
[Round "8"]
[White "Slaby, Jerzy"]
[Black "Savchenko, Stanislav"]
[Result "1/2-1/2"]
[WhiteElo "2401"]
[BlackElo "2505"]
[PlyCount "51"]

1. e4 c5 2. Nf3 d6 3. d4 cxd4 4. Nxd4 Nf6 5. Nc3 a6 6. Be2 e6 7. O-O Nc6 8. Be3
Bd7 9. f4 Be7 10. Qe1 O-O 11. Qg3 b5 12. a3 Nxd4 13. Bxd4 Bc6 14. Kh1 Qd7 15.
Rae1 a5 16. Bf3 b4 17. axb4 axb4 18. Nd1 d5 19. e5 Ne4 20. Bxe4 dxe4 21. c3
bxc3 22. Bxc3 f5 23. exf6 Bxf6 24. Nf2 Bxc3 25. bxc3 e3 26. Ng4 1/2-1/2

[Event "Bad Woerishofen op"]
[Site "?"]
[Date "2005.03.10"]
[Round "8"]
[White "Kuempers, Ulrich"]
[Black "Schulze, Ulrich"]
[Result "0-1"]
[WhiteElo "2104"]
[BlackElo "2333"]
[PlyCount "68"]

1. d4 Nf6 2. c4 g6 3. d5 c5 4. Nc3 d6 5. e4 e5 6. h3 Bg7 7. Be2 a6 8. a3 O-O 9.
Nf3 Nh5 10. O-O b6 11. Bd2 Nf4 12. Re1 Nxe2+ 13. Qxe2 h6 14. b4 Nd7 15. Reb1 f5
16. Ne1 Nf6 17. bxc5 bxc5 18. Rb3 fxe4 19. Nxe4 Nxe4 20. Qxe4 Bf5 21. Qe3 h5
22. Ra2 Qh4 23. Qe2 e4 24. Bc3 Bd4 25. Nc2 Bg4 26. Nxd4 Bxe2 27. Nxe2 Qxf2+ 28.
Kh2 Rab8 29. Rbb2 h4 30. Ba5 Rxb2 31. Rxb2 Qf1 32. Bc3 Rf2 33. Rb8+ Kf7 34.
Rb7+ Ke8 0-1

[Event "Bad Woerishofen op"]
[Site "?"]
[Date "2005.03.10"]
[Round "8"]
[White "Mertens, Heiko"]
[Black "Zaragatski, Ilja"]
[Result "0-1"]
[WhiteElo "2235"]
[BlackElo "2344"]
[PlyCount "52"]

1. e4 e6 2. d3 d5 3. Nd2 Nf6 4. Ngf3 Bc5 5. h3 O-O 6. c3 a5 7. a4 Nc6 8. e5 Nd7
9. d4 Be7 10. Bd3 b6 11. Qe2 Ncb8 12. h4 Ba6 13. Bxh7+ Kxh7 14. Ng5+ Kg8 15.
Qh5 Bd3 16. Nde4 Bxe4 17. Nxe4 dxe4 18. Rh3 f5 19. Qg6 Qe8 20. Qxe6+ Qf7 21.
Qxf7+ Kxf7 22. Bf4 Na6 23. Ke2 Rh8 24. d5 Ndc5 25. e6+ Kf8 26. Be5 Nd3 0-1

[Event "Bad Woerishofen sen"]
[Site "?"]
[Date "2005.03.10"]
[Round "8"]
[White "Kummerow, Heiko"]
[Black "Kroencke, Manfred"]
[Result "0-1"]
[WhiteElo "2292"]
[BlackElo "2182"]
[PlyCount "88"]

1. e4 c5 2. Nf3 e6 3. d4 cxd4 4. Nxd4 Nc6 5. Nb5 d6 6. Bf4 e5 7. Be3 a6 8. N5c3
Nf6 9. Bc4 Be7 10. Nd5 Nxd5 11. Bxd5 O-O 12. O-O Qc7 13. Nc3 Be6 14. Qd2 Rac8
15. Kh1 Bf6 16. Rac1 Na5 17. Rfd1 Be7 18. Qe1 Nc4 19. Bxc4 Qxc4 20. a3 b5 21.
Qd2 a5 22. Nd5 Bxd5 23. Qxd5 b4 24. Qxa5 bxa3 25. Qxa3 Qxe4 26. Qd3 Qb7 27. b3
Ra8 28. Kg1 Ra5 29. Ra1 Rfa8 30. Rxa5 Rxa5 31. c4 g6 32. Kf1 Ra3 33. Rb1 Kg7
34. Qd5 Qb8 35. b4 Qc8 36. b5 Rxe3 37. b6 Ra3 38. b7 Qb8 39. Rb6 Ra7 40. Qc6
Bd8 41. Qc8 Bc7 42. Rb4 Ra1+ 43. Ke2 Ra2+ 44. Kf3 Qa7 0-1

[Event "Bad Woerishofen op"]
[Site "?"]
[Date "2005.??.10"]
[Round "8"]
[White "Khurtsidze, Nino"]
[Black "Vrana, Frantisek"]
[Result "1-0"]
[WhiteElo "2400"]
[BlackElo "2281"]
[PlyCount "111"]

1. d4 f5 2. Nf3 Nf6 3. g3 g6 4. Bg2 Bg7 5. O-O O-O 6. b3 d6 7. Bb2 c6 8. Nbd2
Na6 9. c4 e5 10. dxe5 Ng4 11. Qc2 Nxe5 12. Rad1 Qe7 13. a3 Be6 14. Nd4 Bf7 15.
e4 fxe4 16. Nxe4 d5 17. cxd5 Bxd5 18. Rfe1 Rae8 19. f4 Nd7 20. Nb5 Bxe4 21.
Rxe4 Qc5+ 22. Qxc5 Ndxc5 23. Rxe8 Rxe8 24. Bxg7 Kxg7 25. Nd6 Rb8 26. b4 Ne6 27.
b5 cxb5 28. Nxb5 Nac5 29. Nxa7 Kf6 30. Nb5 g5 31. fxg5+ Nxg5 32. Rd6+ Nge6 33.
Rb6 Ke7 34. Bd5 Nf8 35. Rh6 Rd8 36. Bg8 Rd1+ 37. Kg2 Rb1 38. Nd4 Rb2+ 39. Kh3
Ne4 40. Nf5+ Kd7 41. Kg4 b5 42. Bxh7 Rb3 43. Nd4 Nf2+ 44. Kf4 Rxa3 45. Bf5+ Ke7
46. Nxb5 Ra4+ 47. Kf3 Nd1 48. Bc2 Ra5 49. Nd4 Rd5 50. Nf5+ Kd7 51. Rf6 Ke8 52.
g4 Nc3 53. Nh4 Nd7 54. Ra6 Rd2 55. Ra8+ Kf7 56. Bb3+ 1-0

[Event "Bad Woerishofen op"]
[Site "?"]
[Date "2005.03.10"]
[Round "8"]
[White "Schippan, Bernhard"]
[Black "Stuemer, Paul"]
[Result "1/2-1/2"]
[WhiteElo "2283"]
[BlackElo "2166"]
[PlyCount "83"]

1. e4 c5 2. c3 d5 3. exd5 Qxd5 4. d4 Nc6 5. Nf3 cxd4 6. cxd4 e5 7. Nc3 Bb4 8.
Be2 Nxd4 9. Bd2 Bxc3 10. Bxc3 Nxf3+ 11. Bxf3 Qxd1+ 12. Rxd1 f6 13. Ba5 Be6 14.
Bxb7 Rb8 15. Bc6+ Kf7 16. Bc3 Ne7 17. Bf3 Rhd8 18. Rxd8 Rxd8 19. O-O Bxa2 20.
Ra1 Bd5 21. Be2 Rd7 22. f3 Be6 23. Kf2 Nd5 24. Bd2 Rb7 25. Bc3 Rc7 26. Bd2 f5
27. Bc3 Nxc3 28. bxc3 Rxc3 29. Rxa7+ Kf6 30. Ra6 g6 31. Ke1 h5 32. Kd2 Rc7 33.
h4 Rd7+ 34. Ke3 Rd4 35. g3 Rb4 36. Bf1 f4+ 37. gxf4 exf4+ 38. Kf2 Ke5 39. Bd3
Rb2+ 40. Kg1 Bd5 41. Bxg6 Bxf3 42. Bxh5 1/2-1/2

[Event "Bad Woerishofen op"]
[Site "?"]
[Date "2005.03.10"]
[Round "8"]
[White "Espig, Lutz"]
[Black "Kleinegger, Frank"]
[Result "1-0"]
[WhiteElo "2432"]
[BlackElo "2245"]
[PlyCount "165"]

1. Nf3 d5 2. g3 g6 3. Bg2 Bg7 4. d4 Nf6 5. O-O O-O 6. c4 c6 7. cxd5 cxd5 8. Ne5
e6 9. Nc3 Nfd7 10. f4 f6 11. Nd3 Nc6 12. e3 Nb6 13. a4 Nc4 14. b3 N4a5 15. Ba3
Rf7 16. Rf2 b6 17. Rc1 Bb7 18. g4 f5 19. gxf5 gxf5 20. Nb5 Bf8 21. Bxf8 Qxf8
22. Ne5 Rg7 23. Nc3 Nxe5 24. fxe5 Ba6 25. e4 dxe4 26. Nxe4 fxe4 27. Rxf8+ Rxf8
28. Rc3 Rf3 29. Qc1 Rxc3 30. Qxc3 e3 31. d5 e2 32. Kf2 Rf7+ 33. Bf3 exd5 34.
Ke1 d4 35. Qxd4 Nc6 36. Qd5 Nxe5 37. Bxe2 Bxe2 38. Kxe2 Ng6 39. Ke3 Kg7 40. Qa8
Rd7 41. Qb8 Kf7 42. Ke4 Nf8 43. h4 Ng6 44. h5 Nf8 45. Ke5 Kg7 46. Qe8 Kg8 47.
b4 Rd1 48. Qa8 Rd7 49. Qf3 Rf7 50. Qg4+ Rg7 51. Qc4+ Rf7 52. Kd6 Kg7 53. Qc1
Kg8 54. Qg5+ Rg7 55. Qd5+ Rf7 56. Kc6 Kg7 57. Qg5+ Kh8 58. Kb5 Rg7 59. Qe5 Kg8
60. Qe8 Rd7 61. Kc6 Rf7 62. h6 Rf6+ 63. Kb7 Rf7+ 64. Kc8 Rf4 65. Qe7 Rf7 66.
Qd8 Rf5 67. Kb8 Rf7 68. a5 bxa5 69. bxa5 Rd7 70. Qe8 Rf7 71. a6 Rd7 72. Ka8 Rc7
73. Qb8 Re7 74. Qf4 Rd7 75. Qa4 Kh8 76. Kb8 Re7 77. Kc8 Rd7 78. Qb3 Re7 79. Kd8
Ng6 80. Qb7 Kg8 81. Qxe7 Nxe7 82. Kxe7 Kh8 83. Kd7 1-0

[Event "Bad Woerishofen op"]
[Site "?"]
[Date "2005.03.10"]
[Round "8"]
[White "Siebrecht, Sebastian"]
[Black "Postny, Evgeny"]
[Result "1-0"]
[WhiteElo "2408"]
[BlackElo "2557"]
[PlyCount "131"]

1. c4 Nf6 2. Nf3 e6 3. d4 b6 4. a3 Ba6 5. Qc2 Bb7 6. Nc3 c5 7. e4 cxd4 8. Nxd4
Bc5 9. Nf3 Nc6 10. Bd3 Qb8 11. Bg5 Ng4 12. Bh4 O-O 13. Bg3 Bd6 14. e5 Ncxe5 15.
Bxh7+ Kh8 16. O-O-O f5 17. Bg6 Nxc4 18. Rd4 Rf6 19. Bh5 Bxf3 20. gxf3 Nge5 21.
f4 Nxa3 22. bxa3 Nc6 23. Rd2 Bxa3+ 24. Kb1 Qf8 25. Ka1 Rc8 26. Na2 Na5 27. Qa4
d5 28. Be2 Rf7 29. Ba6 Rcc7 30. Bh4 Be7 31. Bxe7 Rfxe7 32. Re1 Nc4 33. Bxc4
Rxc4 34. Qa3 Qf6+ 35. Qb2 Qh4 36. Rd4 Rc5 37. Nb4 Ra5+ 38. Kb1 Rb5 39. Qe2 a6
40. Ka2 e5 41. Nc6 e4 42. Nxe7 Qxe7 43. Qh5+ Kg8 44. Re3 Ra5+ 45. Kb2 Rb5+ 46.
Kc2 Qc7+ 47. Rc3 Rc5 48. Qh3 Qxf4 49. Rxc5 Qxf2+ 50. Kb3 bxc5 51. Rxd5 c4+ 52.
Kxc4 Qc2+ 53. Kb4 a5+ 54. Rxa5 Qd2+ 55. Qc3 Qd6+ 56. Qc5 Qd2+ 57. Kb5 Qb2+ 58.
Kc6 Qf6+ 59. Kd7 g6 60. Qe5 Kf7 61. Qe8+ Kg7 62. Qe7+ Qxe7+ 63. Kxe7 Kh6 64.
Kf6 Kh5 65. Ke5 Kg4 66. Ra3 1-0

[Event "Bad Woerishofen op"]
[Site "?"]
[Date "2005.03.10"]
[Round "8"]
[White "Kveinys, Aloyzas"]
[Black "Michalczak, Thomas"]
[Result "1-0"]
[WhiteElo "2518"]
[BlackElo "2376"]
[PlyCount "65"]
[EventDate "2005.03.04"]

1. d4 d5 2. c4 e6 3. Nc3 Nf6 4. cxd5 exd5 5. Bg5 Be7 6. e3 c6 7. Bd3 Nbd7 8.
Nf3 Nh5 9. Bxe7 Qxe7 10. O-O O-O 11. Qb1 g6 12. b4 a6 13. Rc1 Nb6 14. a4 Be6
15. Nd2 Ng7 16. Qb3 Rfc8 17. Ne2 Bf5 18. Nf4 Bxd3 19. Nxd3 Ne6 20. Nc5 Rcb8 21.
Nxe6 Qxe6 22. a5 Nc8 23. e4 Nd6 24. e5 Nf5 25. Qd3 Qe7 26. Qc3 Rf8 27. Re1 Rae8
28. Rad1 Ng7 29. Nb3 Ne6 30. Nc5 Kh8 31. Re3 f5 32. exf6 Qxf6 33. Qe1 1-0

[Event "Bad Woerishofen op"]
[Site "?"]
[Date "2005.03.10"]
[Round "8"]
[White "Hartoch, Robert"]
[Black "Holl, Andreas"]
[Result "1/2-1/2"]
[WhiteElo "2304"]
[BlackElo "2187"]
[PlyCount "69"]
[EventDate "2005.03.04"]

1. Nf3 Nf6 2. g3 g6 3. b3 Bg7 4. Bb2 O-O 5. Bg2 d6 6. d4 Nbd7 7. O-O Re8 8. c4
e5 9. dxe5 Ng4 10. Nc3 Ngxe5 11. Nxe5 Nxe5 12. Qc2 c6 13. Rad1 Qc7 14. h3 f5
15. Rfe1 Be6 16. e4 Rad8 17. f4 Nd7 18. Re2 Nf6 19. Rde1 Qf7 20. Kh2 a6 21. Qd2
h6 22. exf5 Bxf5 23. Rxe8+ Rxe8 24. Rxe8+ Nxe8 25. Ne4 Qe6 26. Bxg7 Kxg7 27.
Qd4+ Kf7 28. Nc3 h5 29. Nd5 Qe2 30. Qe3 Qxe3 31. Nxe3 Bb1 32. a3 a5 33. g4 hxg4
34. hxg4 Nf6 35. Kg3 1/2-1/2

[Event "Bad Woerishofen op"]
[Site "?"]
[Date "2005.03.10"]
[Round "8"]
[White "Salvermoser, Bernd"]
[Black "Wang, Rui"]
[Result "0-1"]
[WhiteElo "2222"]
[BlackElo "2478"]
[PlyCount "70"]
[EventDate "2005.03.04"]

1. d4 Nf6 2. c4 g6 3. Nc3 Bg7 4. e4 O-O 5. Be2 d6 6. Bg5 Na6 7. h4 h6 8. Be3 e5
9. d5 c6 10. g4 cxd5 11. cxd5 Nc5 12. f3 a5 13. h5 g5 14. Bxc5 dxc5 15. Qb3 Ne8
16. Na4 Nd6 17. Nxc5 b5 18. Nh3 Qb6 19. Rc1 Bxg4 20. fxg4 Rac8 21. Nd3 Nxe4 22.
Rxc8 Rxc8 23. Ndf2 Rc1+ 24. Nd1 Nd6 25. Nhf2 e4 26. O-O Bd4 27. Kg2 a4 28. Qb4
Rc2 29. Qe1 Qc5 30. Nc3 Rxb2 31. Ncxe4 Nxe4 32. Nxe4 Qxd5 33. Kg3 f5 34. Bd3
Rxa2 35. Qc1 fxe4 0-1

[Event "Bad Woerishofen op"]
[Site "?"]
[Date "2005.03.10"]
[Round "8"]
[White "Bischoff, Dieter"]
[Black "Wang, Yu"]
[Result "0-1"]
[WhiteElo "2145"]
[BlackElo "2390"]
[PlyCount "64"]
[EventDate "2005.03.04"]

1. d4 d5 2. c4 c6 3. Nf3 Nf6 4. Qc2 g6 5. Bf4 Na6 6. e3 Bf5 7. Qb3 Nb4 8. Qxb4
e5 9. Qxb7 Rb8 10. Qxc6+ Bd7 11. Qxf6 Qxf6 12. Bxe5 Qb6 13. b3 Qa5+ 14. Nbd2
Rxb3 15. Bxh8 Bb4 16. Be2 Bxd2+ 17. Nxd2 Rb2 18. O-O Rxd2 19. Bf3 dxc4 20. a4
c3 21. d5 c2 22. h3 Bxa4 23. Bd4 Qb4 24. Bxa7 Qc4 25. Bd4 Qd3 26. Kh2 Rd1 27.
Rg1 Rxg1 28. Rxg1 Qd2 29. Bb2 Qxf2 30. Bc1 f5 31. Kh1 Bb5 32. Kh2 Bf1 0-1

[Event "Bad Woerishofen op"]
[Site "?"]
[Date "2005.03.10"]
[Round "8"]
[White "von Saldern, Ruediger"]
[Black "Loew, Gerald"]
[Result "0-1"]
[WhiteElo "2103"]
[BlackElo "2265"]
[PlyCount "46"]
[EventDate "2005.03.04"]

1. d4 d5 2. Nf3 Nc6 3. Bg5 f6 4. Bh4 Nh6 5. e3 Nf5 6. Bg3 Be6 7. Nbd2 Bf7 8. c4
e6 9. Qb3 Bb4 10. a3 Bxd2+ 11. Nxd2 Rb8 12. Bd3 Nfe7 13. O-O O-O 14. Rac1 Qd7
15. cxd5 exd5 16. Qc2 Bg6 17. Nb3 b6 18. Rfd1 Rbc8 19. e4 Bxe4 20. Bxe4 dxe4
21. Qxe4 Nd5 22. Nc5 bxc5 23. Rxc5 Nce7 0-1

[Event "Bad Woerishofen op"]
[Site "?"]
[Date "2005.03.10"]
[Round "8"]
[White "Heinig, Wolfram Dr."]
[Black "Colovic, Alexander"]
[Result "0-1"]
[WhiteElo "2269"]
[BlackElo "2404"]
[PlyCount "76"]
[EventDate "2005.03.04"]

1. d4 Nf6 2. c4 g6 3. Nc3 d5 4. Bf4 Bg7 5. Rc1 Nh5 6. Bg5 h6 7. Bd2 dxc4 8. e3
Be6 9. Ne4 O-O 10. Nf3 Bd5 11. Qc2 b5 12. b3 cxb3 13. axb3 c6 14. Nc5 f5 15.
Be2 Nd7 16. O-O Nxc5 17. Qxc5 Qd6 18. Ne5 Bxe5 19. dxe5 Qxe5 20. Bc3 Qd6 21.
Qd4 Nf6 22. Rfd1 a5 23. f3 Qe6 24. b4 a4 25. Kf2 Kf7 26. Qc5 Rfd8 27. Bd4 Qd6
28. Qc3 Qxh2 29. Be5 Ng4+ 30. fxg4 Qxg2+ 31. Ke1 Qg1+ 32. Kd2 Bc4+ 33. Bd4 Qf2
34. Re1 e5 35. gxf5 exd4 36. fxg6+ Kg8 37. exd4 Rxd4+ 38. Kc2 Bxe2 0-1

[Event "Bad Woerishofen op"]
[Site "?"]
[Date "2005.03.10"]
[Round "8"]
[White "Levin, Felix"]
[Black "Heika, Martin"]
[Result "1-0"]
[WhiteElo "2498"]
[BlackElo "2364"]
[PlyCount "81"]
[EventDate "2005.03.04"]

1. d4 Nf6 2. c4 e6 3. Nc3 Bb4 4. Qc2 c5 5. dxc5 O-O 6. a3 Bxc5 7. Nf3 Nc6 8.
Bf4 b6 9. Rd1 Bb7 10. e3 Be7 11. Be2 Rc8 12. O-O a6 13. e4 Ne8 14. Be3 Bc5 15.
Qd2 Bxe3 16. Qxe3 Na5 17. Ne5 d6 18. b4 Nc6 19. Nf3 Nb8 20. e5 Qc7 21. Na4 Nd7
22. exd6 Nxd6 23. Qd3 Nxc4 24. Qxc4 Qxc4 25. Bxc4 Rxc4 26. Rxd7 Bc6 27. Nxb6
Rg4 28. h3 Rg6 29. Nh4 Rh6 30. Rd6 Bb5 31. Nf3 Bxf1 32. Kxf1 Rh5 33. a4 Rf5 34.
Ke2 h6 35. g4 Rf4 36. Rd4 Rxd4 37. Nxd4 Rd8 38. Ke3 e5 39. Nc6 Rd6 40. Nc8 Rd1
41. Nxe5 1-0

[Event "Bad Woerishofen op"]
[Site "?"]
[Date "2005.03.11"]
[Round "9"]
[White "Eingorn, Vereslav"]
[Black "Espig, Lutz"]
[Result "1/2-1/2"]
[WhiteElo "2587"]
[BlackElo "2432"]
[PlyCount "39"]

1. d4 Nf6 2. c4 d6 3. Nf3 Nbd7 4. Nc3 e5 5. e4 Be7 6. Be2 O-O 7. O-O c6 8. Qc2
a6 9. Rd1 Qc7 10. Be3 b5 11. cxb5 cxb5 12. Rac1 Qb8 13. Nd5 Nxd5 14. exd5 Nf6
15. dxe5 dxe5 16. Bc5 Bxc5 17. Qxc5 Bb7 18. d6 Rc8 19. Qe3 Rd8 20. Nxe5 1/2-1/2

[Event "Bad Woerishofen op"]
[Site "?"]
[Date "2005.03.11"]
[Round "9"]
[White "Drabke, Lorenz"]
[Black "Zaragatski, Ilja"]
[Result "1/2-1/2"]
[WhiteElo "2456"]
[BlackElo "2344"]
[PlyCount "21"]

1. d4 d5 2. Nf3 Nf6 3. c4 c6 4. e3 Bg4 5. cxd5 Bxf3 6. Qxf3 cxd5 7. Nc3 e6 8.
Bd3 Nc6 9. O-O Bd6 10. Bd2 O-O 11. Rfc1 1/2-1/2

[Event "Bad Woerishofen op"]
[Site "?"]
[Date "2005.03.11"]
[Round "9"]
[White "Partys, Petr"]
[Black "Camilleri, Henry"]
[Result "0-1"]
[WhiteElo "1996"]
[BlackElo "2079"]
[PlyCount "64"]

1. e4 e6 2. d4 d5 3. Nd2 Be7 4. e5 c5 5. c3 Nc6 6. Bb5 Bd7 7. Bxc6 bxc6 8. Qg4
g6 9. Ne2 h5 10. Qg3 Nh6 11. Nf3 cxd4 12. Bxh6 Rxh6 13. Qf4 g5 14. Qxd4 c5 15.
Qd2 Rg6 16. O-O g4 17. Ne1 Bg5 18. Qc2 Qc7 19. f4 gxf3 20. Nxf3 Be3+ 21. Kh1
O-O-O 22. Qd3 Bh6 23. Nh4 Rg4 24. Nf3 Rdg8 25. g3 Bc6 26. Qh7 R4g6 27. Rad1 h4
28. Nxh4 d4+ 29. Nf3 Qxe5 30. Neg1 Be3 31. cxd4 cxd4 32. Qxf7 R6g7 0-1

[Event "Bad Woerishofen op"]
[Site "?"]
[Date "2005.03.11"]
[Round "9"]
[White "Schulze, Ulrich"]
[Black "Kroencke, Manfred"]
[Result "1-0"]
[WhiteElo "2333"]
[BlackElo "2182"]
[PlyCount "41"]

1. Nf3 Nf6 2. g3 g6 3. Bg2 Bg7 4. c4 c5 5. d4 cxd4 6. Nxd4 Nc6 7. Nc3 O-O 8.
O-O a6 9. c5 Nxd4 10. Qxd4 Ne8 11. Qh4 Nc7 12. Bh6 Ne6 13. Bxg7 Kxg7 14. Rfd1
f6 15. Na4 Qe8 16. Rac1 Rb8 17. Nb6 f5 18. e3 g5 19. Qc4 Rf6 20. Qc3 Kg8 21.
Qe5 1-0

[Event "Bad Woerishofen op"]
[Site "?"]
[Date "2005.03.11"]
[Round "9"]
[White "Klimpel, Thomas"]
[Black "Valenta, Vit"]
[Result "1-0"]
[WhiteElo "2124"]
[BlackElo "2193"]
[PlyCount "57"]

1. e4 e5 2. Nf3 Nc6 3. Bc4 Be7 4. O-O Nf6 5. d3 d6 6. c3 O-O 7. Re1 Bg4 8. h3
Bh5 9. Bb3 h6 10. Nbd2 Bg6 11. Nf1 Nh5 12. Be3 Nf6 13. Bc1 Nh7 14. Ng3 Ng5 15.
Nh2 Ne6 16. Qg4 Qc8 17. Nf5 Bf6 18. h4 h5 19. Qf3 Nc5 20. Bc2 Ne7 21. b4 Ne6
22. g4 Nf4 23. Bxf4 exf4 24. d4 Bxf5 25. gxf5 g6 26. Qxf4 gxf5 27. exf5 Kg7 28.
Kh1 Rh8 29. Rxe7 1-0

[Event "Bad Woerishofen op"]
[Site "?"]
[Date "2005.03.11"]
[Round "9"]
[White "Colovic, Aleksandar"]
[Black "Bjarnason, Oskar"]
[Result "1/2-1/2"]
[WhiteElo "2404"]
[BlackElo "2279"]
[PlyCount "42"]

1. e4 d5 2. exd5 Qxd5 3. Nc3 Qa5 4. Bc4 c6 5. d3 Bf5 6. Qe2 Nf6 7. Bd2 Nbd7 8.
Nd5 Qd8 9. Ne3 Bg6 10. f4 e6 11. f5 exf5 12. Nxf5+ Be7 13. Nxg7+ Kf8 14. Bh6
Kg8 15. Ne6 Qa5+ 16. c3 b5 17. Bb3 b4 18. Nf3 Qh5 19. Nc7 Bd6 20. Nxa8 Qxh6 21.
O-O Kg7 1/2-1/2

[Event "Bad Woerishofen op"]
[Site "?"]
[Date "2005.03.11"]
[Round "9"]
[White "Lindenmaier, Anton"]
[Black "Steiger, Wallfried"]
[Result "1-0"]
[WhiteElo "2120"]
[BlackElo "1982"]
[PlyCount "45"]

1. d4 Nf6 2. c4 g6 3. Nc3 Bg7 4. e4 d6 5. f4 O-O 6. Nf3 c5 7. d5 e6 8. Be2 exd5
9. cxd5 Bg4 10. O-O Re8 11. Nd2 Bxe2 12. Qxe2 a6 13. a4 Nbd7 14. Qf3 Rc8 15. a5
Qc7 16. Nc4 Nh5 17. Kh1 b5 18. axb6 Nxb6 19. Nxb6 Qxb6 20. f5 Rc7 21. g4 Bxc3
22. bxc3 Nf6 23. fxg6 1-0

[Event "Bad Woerishofen op"]
[Site "?"]
[Date "2005.03.11"]
[Round "9"]
[White "Michalczak, Thomas"]
[Black "Kleinegger, Frank"]
[Result "1/2-1/2"]
[WhiteElo "2376"]
[BlackElo "2245"]
[PlyCount "79"]

1. e4 e5 2. Nf3 Nf6 3. Nxe5 d6 4. Nf3 Nxe4 5. d4 d5 6. Bd3 Nc6 7. O-O Be7 8. c4
Nb4 9. cxd5 Nxd3 10. Qxd3 Qxd5 11. Re1 Bf5 12. Nc3 Nxc3 13. Qxc3 f6 14. Qxc7
Be6 15. Bd2 Rc8 16. Qa5 Qxa5 17. Bxa5 Kf7 18. Re3 Bd6 19. Bc3 Bd5 20. a3 Bf4
21. Re2 Rhe8 22. Rae1 Rxe2 23. Rxe2 Re8 24. Rxe8 Kxe8 25. Ne1 Bc4 26. g3 Bc1
27. Ng2 Kd7 28. Ne3 Bxe3 29. fxe3 Bd5 30. g4 Be6 31. h3 h5 32. e4 hxg4 33. d5
Bg8 34. hxg4 Bh7 35. e5 fxe5 36. Bxe5 Be4 37. d6 Bf3 38. g5 g6 39. Kf2 Be4 40.
Ke3 1/2-1/2

[Event "Bad Woerishofen op"]
[Site "?"]
[Date "2005.03.11"]
[Round "9"]
[White "Haub, Thorsten-Michael"]
[Black "De Francesco, Klaus"]
[Result "1/2-1/2"]
[WhiteElo "2422"]
[BlackElo "2245"]
[PlyCount "61"]

1. Nf3 Nf6 2. g3 b5 3. Bg2 Bb7 4. O-O c5 5. c3 e6 6. d3 d6 7. Nbd2 Be7 8. e4
Qc7 9. Qe2 Nbd7 10. d4 a6 11. a4 bxa4 12. Rxa4 Qc6 13. Qd1 O-O 14. Re1 Nb6 15.
Ra1 a5 16. d5 exd5 17. exd5 Qd7 18. c4 Ba6 19. Qc2 a4 20. Ng5 h6 21. Bh3 Qc7
22. Ngf3 Rfe8 23. Bf5 Bf8 24. Rxe8 Rxe8 25. b3 g6 26. Bb2 Bg7 27. Bxg6 axb3 28.
Qxb3 Nxc4 29. Nxc4 Rb8 30. Qc2 Bxc4 31. Qxc4 1/2-1/2

[Event "Bad Woerishofen op"]
[Site "?"]
[Date "2005.03.11"]
[Round "9"]
[White "Savchenko, Stanislav"]
[Black "Siebrecht, Sebastian"]
[Result "0-1"]
[WhiteElo "2505"]
[BlackElo "2408"]
[PlyCount "72"]

1. d4 Nf6 2. c4 c5 3. d5 e6 4. Nc3 exd5 5. cxd5 d6 6. e4 g6 7. f4 Qe7 8. Bd3 a6
9. a4 Bg7 10. Nf3 O-O 11. O-O Bg4 12. h3 Bxf3 13. Qxf3 Nbd7 14. Bd2 Rfc8 15.
Rae1 c4 16. Bc2 Rab8 17. a5 Ne8 18. Kh1 b5 19. axb6 Rxb6 20. Bc1 Rbb8 21. g4
Nc7 22. g5 Nb5 23. Nxb5 Rxb5 24. e5 dxe5 25. f5 Qd6 26. h4 c3 27. b3 Rb4 28.
Re4 Rd4 29. Be3 Rxd5 30. h5 gxf5 31. Qxf5 Qe6 32. Qf3 Nc5 33. Bxc5 Rdxc5 34.
Rg4 Rd8 35. h6 Bf8 36. Qe4 Qd5 0-1

[Event "Bad Woerishofen sen"]
[Site "?"]
[Date "2005.03.11"]
[Round "9"]
[White "Neese, Hans Joachim"]
[Black "Goy, Udo"]
[Result "1-0"]
[WhiteElo "2202"]
[BlackElo "2236"]
[PlyCount "89"]

1. c4 Nf6 2. Nc3 g6 3. d4 Bg7 4. e4 d6 5. f3 O-O 6. Be3 e5 7. d5 Nh5 8. Qd2 f5
9. exf5 gxf5 10. g3 Nd7 11. Bg2 a6 12. Nge2 Qe8 13. O-O Qg6 14. Kh1 Kh8 15.
Rac1 b6 16. b4 f4 17. gxf4 Nxf4 18. Nxf4 exf4 19. Bxf4 Ne5 20. Ne4 Bd7 21. Be3
Rf7 22. f4 Ng4 23. Ng5 Re7 24. Bg1 Rae8 25. Rce1 h6 26. Nf3 Bf5 27. Nh4 Qf6 28.
Rxe7 Rxe7 29. Nxf5 Qxf5 30. Bf3 Rf7 31. Qe2 Nf6 32. Qe6 Ng8 33. Qxf5 Rxf5 34.
Bg4 Rf7 35. c5 bxc5 36. bxc5 Be5 37. Be2 Rxf4 38. Rxf4 Bxf4 39. Bd4+ Be5 40.
Bxe5+ dxe5 41. Bxa6 Kg7 42. a4 Nf6 43. Bb7 Nd7 44. c6 Nb6 45. d6 1-0

[Event "Bad Woerishofen op"]
[Site "?"]
[Date "2005.03.11"]
[Round "9"]
[White "Tscharotschkin, Michael"]
[Black "Pirrot, Dieter"]
[Result "0-1"]
[WhiteElo "2202"]
[BlackElo "2401"]
[PlyCount "38"]

1. e4 e5 2. d4 exd4 3. Qxd4 Nc6 4. Qe3 Nf6 5. e5 Ng4 6. Qe4 h5 7. Nc3 Bc5 8.
Nh3 Ngxe5 9. f4 d5 10. Qxd5 Qe7 11. fxe5 Bxh3 12. Ne4 Bb4+ 13. c3 Be6 14. Qb5
Qh4+ 15. Nf2 O-O-O 16. cxb4 Rd1+ 17. Kxd1 Qxf2 18. Bg5 Nd4 19. Qd3 Bg4+ 0-1